Word Ladder: Mystery Movie Actor IV Quiz Stats

Quiz Updated Sep 11, 2014

Challenge
Share
Tweet
Embed
Score 0/18 Timer 02:00
0 Plays Today
Clue 4-Letter Answer % Correct
2007 movie: ''The Bucket ____''LIST
96.6%
★ ''My ____ Friend's Girl'' (2008) ★● BEST ●
96.6%
Often-used quote: ''____ We Forget''LEST
94.2%
★ ''____ Luck Chuck'' (2007) ★● GOOD ●
91.2%
Strike violently and repeatedlyBEAT
90%
1993 movie: ''In the ____ of Fire''LINE
87%
Move or raise upward from the groundLIFT
86.4%
Avenue; streetROAD
85.6%
Eat the principal meal of the dayDINE
84.9%
Clue 4-Letter Answer % Correct
2003 movie: ''____ My Lips''READ
84.6%
Restore to healthHEAL
82.1%
★ ''Dan in [Rung 12] ____'' (2007) ★● LIFE ●
80.2%
★ ''Windy City ____'' (2006) ★● HEAT ●
78.3%
★ ''Dan in ____ [Rung 4]'' (2007) ★● REAL ●
77.1%
Cross; crucifixROOD
75.6%
★ American actor ____ [Rung 18] ★● DANE ●
44.9%
Oozy dirt or debrisGOOK
37.4%
★ American actor [Rung 1] + ____● COOK ●
34.8%

Today's Daily Dose

You're not logged in!

Compare scores with friends on all Sporcle quizzes.
Join for Free
OR
Log In

You Might Also Like...

Show Comments

Extras

Top Quizzes Today


Score Distribution

Your Account Isn't Verified!

In order to create a playlist on Sporcle, you need to verify the email address you used during registration. Go to your Sporcle Settings to finish the process.

Report this User

Report this user for behavior that violates our Community Guidelines.

Details: